000 00453nam a2200169 4500
003 OSt
008 240726b |||||||| |||| 00| 0 eng d
020 _a9780141031484
082 _a123.3
_bTAF
100 _aTALEB, Nassim Nicholas
245 _aFooled by randomness : the hidden role of chance in life and in the ma
260 _aUK:
_bPenguin Books,
_c2004.
300 _axIVI,316p.
650 _aManagement
650 _aMarket
942 _2ddc
_cBK
999 _c12806
_d12806